<?xml version="1.0" encoding="UTF-8"?>
<record
    xmlns:xsi="http://www.w3.org/2001/XMLSchema-instance"
    xsi:schemaLocation="http://www.loc.gov/MARC21/slim http://www.loc.gov/standards/marcxml/schema/MARC21slim.xsd"
    xmlns="http://www.loc.gov/MARC21/slim">

  <leader>00673nam a22002297a 4500</leader>
  <controlfield tag="005">20260123104823.0</controlfield>
  <controlfield tag="008">260123b        |||||||| |||| 00| 0 eng d</controlfield>
  <datafield tag="017" ind1=" " ind2=" ">
    <subfield code="a">LD.4224</subfield>
  </datafield>
  <datafield tag="018" ind1=" " ind2=" ">
    <subfield code="a">2025</subfield>
  </datafield>
  <datafield tag="020" ind1=" " ind2=" ">
    <subfield code="a">9789787653654</subfield>
  </datafield>
  <datafield tag="040" ind1=" " ind2=" ">
    <subfield code="a">NLN</subfield>
    <subfield code="b">English</subfield>
    <subfield code="e">AACR2</subfield>
  </datafield>
  <datafield tag="050" ind1=" " ind2=" ">
    <subfield code="a">BV4905.3</subfield>
    <subfield code="b">.H224</subfield>
  </datafield>
  <datafield tag="082" ind1=" " ind2=" ">
    <subfield code="a">248.866</subfield>
  </datafield>
  <datafield tag="100" ind1=" " ind2=" ">
    <subfield code="a">HAMMASHI, Mela</subfield>
    <subfield code="e">aut</subfield>
    <subfield code="9">69377</subfield>
  </datafield>
  <datafield tag="245" ind1=" " ind2=" ">
    <subfield code="a">Heart break :</subfield>
    <subfield code="b">the experience of a broken heart /</subfield>
    <subfield code="c">Mela Hammashi</subfield>
  </datafield>
  <datafield tag="260" ind1=" " ind2=" ">
    <subfield code="a">[S.l] :</subfield>
    <subfield code="b">Daveco Prints and Publishers,</subfield>
    <subfield code="c">2024</subfield>
  </datafield>
  <datafield tag="300" ind1=" " ind2=" ">
    <subfield code="a">xiii, 147p. :</subfield>
    <subfield code="b">ill, ports ; 21cm</subfield>
  </datafield>
  <datafield tag="563" ind1=" " ind2=" ">
    <subfield code="a">(pbk)</subfield>
  </datafield>
  <datafield tag="650" ind1=" " ind2=" ">
    <subfield code="a">Grief</subfield>
    <subfield code="v">Religious aspects</subfield>
    <subfield code="x">Christianity</subfield>
    <subfield code="9">23263</subfield>
  </datafield>
  <datafield tag="650" ind1=" " ind2=" ">
    <subfield code="a">Grief</subfield>
    <subfield code="9">57306</subfield>
  </datafield>
  <datafield tag="942" ind1=" " ind2=" ">
    <subfield code="c">BK</subfield>
    <subfield code="n">0</subfield>
  </datafield>
  <datafield tag="999" ind1=" " ind2=" ">
    <subfield code="c">34104</subfield>
    <subfield code="d">34104</subfield>
  </datafield>
  <datafield tag="952" ind1=" " ind2=" ">
    <subfield code="0">0</subfield>
    <subfield code="1">0</subfield>
    <subfield code="2">lcc</subfield>
    <subfield code="4">0</subfield>
    <subfield code="7">0</subfield>
    <subfield code="a">IBA</subfield>
    <subfield code="b">MAIN</subfield>
    <subfield code="d">2026-01-22</subfield>
    <subfield code="e">Legal deposit</subfield>
    <subfield code="i">451985</subfield>
    <subfield code="l">0</subfield>
    <subfield code="o">BV4905.3 .H224</subfield>
    <subfield code="p">451985</subfield>
    <subfield code="r">2026-01-23 10:40:26</subfield>
    <subfield code="t">1</subfield>
    <subfield code="w">2026-01-23</subfield>
    <subfield code="y">BK</subfield>
  </datafield>
  <datafield tag="952" ind1=" " ind2=" ">
    <subfield code="0">0</subfield>
    <subfield code="1">0</subfield>
    <subfield code="2">lcc</subfield>
    <subfield code="4">0</subfield>
    <subfield code="7">0</subfield>
    <subfield code="a">LOK</subfield>
    <subfield code="b">MAIN</subfield>
    <subfield code="d">2026-01-22</subfield>
    <subfield code="e">Legal deposit</subfield>
    <subfield code="i">451987</subfield>
    <subfield code="l">0</subfield>
    <subfield code="o">BV4905.3 .H224</subfield>
    <subfield code="p">451987</subfield>
    <subfield code="r">2026-01-23 10:42:09</subfield>
    <subfield code="t">1</subfield>
    <subfield code="w">2026-01-23</subfield>
    <subfield code="y">BK</subfield>
  </datafield>
  <datafield tag="952" ind1=" " ind2=" ">
    <subfield code="0">0</subfield>
    <subfield code="1">0</subfield>
    <subfield code="2">lcc</subfield>
    <subfield code="4">0</subfield>
    <subfield code="7">0</subfield>
    <subfield code="a">MAI</subfield>
    <subfield code="b">MAIN</subfield>
    <subfield code="d">2026-01-22</subfield>
    <subfield code="e">Legal deposit</subfield>
    <subfield code="i">451986</subfield>
    <subfield code="l">0</subfield>
    <subfield code="o">BV4905.3 .H224</subfield>
    <subfield code="p">451986</subfield>
    <subfield code="r">2026-01-23 10:43:03</subfield>
    <subfield code="t">1</subfield>
    <subfield code="w">2026-01-23</subfield>
    <subfield code="y">BK</subfield>
  </datafield>
</record>
